书目信息 |
| 题名: |
乐在沟通:做个会说话的上班族
|
|
| 作者: | 肯.白克 著 | |
| 分册: | ||
| 出版信息: | 广州 中山大学出版社 1999.03 |
|
| 页数: | 229页 | |
| 开本: | 32开 | |
| 丛书名: | ||
| 单 册: | ||
| 中图分类: | C912.1 | |
| 科图分类: | ||
| 主题词: | 社会结构 , 社会关系 | |
| 电子资源: | ||
| ISBN: | 7-306-01436-6 | |
| 000 | 00659nam0 2200205 45 | |
| 001 | 0006021078 | |
| 005 | 20001120194057.0 | |
| 010 | @a7-306-01436-6@d15.00元 | |
| 100 | @a20000602d1999 km y0chiy0120 ea | |
| 101 | @achi | |
| 105 | @a z 000yy | |
| 200 | 1 | @a乐在沟通:做个会说话的上班族@AYue Zai Gou Tong:Zuo Ge Hui Shuo Hua De Shang Ban Zu@f肯.白克,凯特.白克 著 ;顾淑馨译@FKen.Bai Ke,Kai Te.Bai Ke Zhu ;Gu Shu Xin Yi |
| 210 | @a广州@c中山大学出版社@d1999.03 | |
| 215 | @a229页@d32开 | |
| 606 | 0 | @a社会结构 |
| 606 | 0 | @a社会关系 |
| 690 | @aC912.1@v3 | |
| 701 | @a肯.白克@4著 | |
| 801 | @aCN@bPftUser@c20000602 | |
| 905 | @dC912.1@eG899@b417759-763@f5 | |
| 乐在沟通:做个会说话的上班族/肯.白克,凯特.白克 著 ;顾淑馨译.-广州:中山大学出版社,1999.03 |
| 229页;32开 |
| ISBN 7-306-01436-6:15.00元 |
| ● |
| 相关链接 |
|
|
|
正题名:乐在沟通:做个会说话的上班族
索取号:C912.1/G899
 
预约/预借
| 序号 | 登录号 | 条形码 | 馆藏地/架位号 | 状态 | 备注 |
| 1 | 417759 | 204177595 | 社科库509/ [索取号:C912.1/G899] | 在馆 | |
| 2 | 417760 | 204177602 | 社科库509/509社科库 56排8列1层/ [索取号:C912.1/G899] | 在馆 | |
| 3 | 417761 | 204177611 | 社科库509/509社科库 56排8列1层/ [索取号:C912.1/G899] | 在馆 | |
| 4 | 417762 | 204177620 | 社科库509/ [索取号:C912.1/G899] | 在馆 | |
| 5 | 417763 | 204177639 | 社科库509/509社科库 56排8列1层/ [索取号:C912.1/G899] | 在馆 |